| Record ID | ia:newfrenchinterio0000bair |
| Source | Internet Archive |
| Download MARC XML | https://archive.org/download/newfrenchinterio0000bair/newfrenchinterio0000bair_marc.xml |
| Download MARC binary | https://www.archive.org/download/newfrenchinterio0000bair/newfrenchinterio0000bair_meta.mrc |
LEADER: 02005cam a2200289 a 4500
001 2011926462
003 DLC
005 20120831082936.0
008 110330s2011 nyua 000 0 eng d
010 $a 2011926462
020 $a9781580933100
020 $a1580933106
035 $a(OCoLC)ocn654311238
040 $aBTCTA$beng$cBTCTA$dYDXCP$dOCO$dVP@$dBWX$dUNL$dCDX$dMUU$dDLC
042 $alccopycat
043 $ae-fr---
050 00 $aNK2113$b.B345 2011
100 1 $aBaird, Penny Drue.
245 14 $aThe new French interior /$cPenny Drue Baird.
260 $aNew York :$bMonacelli Press,$cc2011.
300 $a208 p. :$bcol. ill. ;$c29 cm.
520 $a"Through her first book, Bringing Paris Home, Penny Drue Baird established herself as an authority on all things French--interior design, flea market and antiques shopping, Parisian life, and stylish entertaining. In The New French Interior, she moves beyond the traditional historic styles to explore the design elements that make up the fresh, clean look--architectural details adapted from art deco, a monochromatic palette based on creams and ivories highlighted with rich browns and blacks, bold forms in furniture and lighting, and restrained tabletop settings. To illustrate the style, Baird draws on ten of her own recent projects, apartment and house installations, and presents French precedents and influences through specially commissioned photography of Parisian interiors. Images of cafes, markets, shops, and street scenes add to the magical Parisian ambiance she creates." --Publisher's website.
505 0 $aThe new French interior -- Entrances -- Living rooms -- Dining rooms -- Bedrooms -- Kitchen and family rooms.
650 0 $aInterior decoration$zFrance$xInfluence.
650 0 $aInterior decoration$zFrance.
856 42 $3Contributor biographical information$uhttp://www.loc.gov/catdir/enhancements/fy1208/2011926462-b.html
856 42 $3Publisher description$uhttp://www.loc.gov/catdir/enhancements/fy1208/2011926462-d.html